000 00257nam a22001217a 4500
041 _aENG
100 _aSakore .S.N
245 _aRopevatika Niyojan Ani Vyavasthapan
260 _aPune
_bAFarmprakshan
_c1999
300 _a78
650 _aGAE
856 _uGAE
999 _c667
_d667